00729nam a2200217Ia 450000100060000000300090000600500170001500800410003202000220007304000280009504100080012308200180013110000320014924500940018126000400027530000180031565000280033394200120036199900170037395201210039019503DO-CoUTE20260204212604.0220104s9999 dr 000 0 spa d a978-958-8269-48-1 aDO-CoUTEbspacDO-CoUTE0 aspa a796.077 F738e1 aForteza de la Rosa, Armando10aEntrenamiento deportivo:alta metodología y planificación / Armando Forteza de la Rosa aArmenia, Colombia: Eitorial Kinesis a215 páginas 4aEntrenamiento deportivo 2ddccBK c20898d20898 00102ddc40708CGaBUbBUd2021-01-02i019279l0o796.077 F738ep019279r2022-03-30 00:00:00tEj.1w2021-01-03yBK